01121nam a2200289 i 4500003000900000005001700009007000300026008004100029020001500070040003000085082001300115240003600128245013000164264006800294300005100362336002700413337003300440338002800473490001700501590002700518700004600545700006900591910001400660942001400674952012600688999001700814DO-SdBNP20240923145210.0ta240923s1993 sp ac 000 0 spa d a847651168X aDO-SdBNPbspacBNPHUerda 222bG3771 aGeronimo, an American legend. /00aGerónimo :bel final de las guerras apaches / cedición de C. L. Sonnichsen ; prólogo y traducción de Eduardo Jordá1 aPalma de Mallorca, España :bJosé J. de Olañeta, c1993. a156 páginasbilustraciones, retratosc22 cm. atextobtxt2rdacontent asin mediaciónbn2rdamedia avolumenbnc2rdacarrier1 aHesperusv49 aInventariado, 2024/ YL1 4ed.aSonnichsen, C. L. eedición9483311 4prol. y tr.aJordá, Eduardo eprólogo y traducción 986649 aYLockward 2ddccLBS1 00102ddc56708GRaBNPHUbBNPHUcCTd2018-09-03eDonación l0oBNPHU GR G377p2024-5451r2024-09-23w2024-09-23yLBS1 c57741d57741